<?xml version="1.0" encoding="UTF-8"?>
<collection xmlns="http://www.loc.gov/MARC21/slim">
<record>
  <controlfield tag="001">170456</controlfield>
  <controlfield tag="005">20260420103355.0</controlfield>
  <datafield tag="024" ind1="7" ind2=" ">
    <subfield code="2">doi</subfield>
    <subfield code="a">10.1002/adma.202516835</subfield>
  </datafield>
  <datafield tag="024" ind1="8" ind2=" ">
    <subfield code="2">sideral</subfield>
    <subfield code="a">148894</subfield>
  </datafield>
  <datafield tag="037" ind1=" " ind2=" ">
    <subfield code="a">ART-2026-148894</subfield>
  </datafield>
  <datafield tag="041" ind1=" " ind2=" ">
    <subfield code="a">eng</subfield>
  </datafield>
  <datafield tag="100" ind1=" " ind2=" ">
    <subfield code="a">Shibaev, Andrey</subfield>
  </datafield>
  <datafield tag="245" ind1=" " ind2=" ">
    <subfield code="a">Resolving Complex Multiscale Structure of Magneto‐ and Electroactive Polymer Composites With an Ionic Liquid</subfield>
  </datafield>
  <datafield tag="260" ind1=" " ind2=" ">
    <subfield code="c">2026</subfield>
  </datafield>
  <datafield tag="520" ind1="3" ind2=" ">
    <subfield code="a">A multiscale understanding of the structure of ionogels – nanoparticle-free polymer composites incorporating ionic liquids – is essential for enhancing their macroscopic functional properties and unlocking their potential in critical applications such as energy storage, sensing, and actuation. We establish a complete picture of the nano- and microstructuration of an ionic liquid within the matrix of a practically relevant electroactive copolymer poly(vinylidenefluoride-co-trifluoroethylene), by combining neutron scattering with cryogenic scanning electron tomography assisted by focused ion beam milling and cryogenic transmission electron microscopy with elemental analysis. We show that the ionic liquid is primarily located in the polymer amorphous phase and forms nanostructures with 10–12 nm size. It does not penetrate into the crystalline lamellae or the polymer amorphous phase confined between them, and it does not affect the polymer degree of crystallinity nor its complete crystallization in the highly electroactive β-phase. Saturation of the unconfined amorphous phase with ionic liquid is identified as the key factor enabling high ionic conductivity while preserving mechanical integrity. At high ionic liquid concentrations, its excess microphase-separates during the composite processing and accumulates in predominantly interconnected micrometer-sized pores, providing the magnetoelectric response and further increasing the ionic conductivity.</subfield>
  </datafield>
  <datafield tag="506" ind1="0" ind2=" ">
    <subfield code="a">Access copy available to the general public</subfield>
    <subfield code="f">Unrestricted</subfield>
  </datafield>
  <datafield tag="536" ind1=" " ind2=" ">
    <subfield code="9">info:eu-repo/grantAgreement/ES/AEI/CEX2023-001286-S</subfield>
    <subfield code="9">info:eu-repo/grantAgreement/ES/AEI/PID2023-146451OB-I00</subfield>
    <subfield code="9">info:eu-repo/grantAgreement/ES/AEI/RYC2023-044285-I</subfield>
    <subfield code="9">info:eu-repo/grantAgreement/ES/AEI/RYC2023–044841- I</subfield>
    <subfield code="9">info:eu-repo/grantAgreement/ES/CSIC/PIE-202660E127</subfield>
    <subfield code="9">info:eu-repo/grantAgreement/ES/MICINN/PID2022-138572OB-C42</subfield>
    <subfield code="9">info:eu-repo/grantAgreement/ES/MICIU/PID2024-157277NA-I00</subfield>
    <subfield code="9">info:eu-repo/grantAgreement/ES/MICIU/PRTR-C17.I1</subfield>
  </datafield>
  <datafield tag="540" ind1=" " ind2=" ">
    <subfield code="9">info:eu-repo/semantics/openAccess</subfield>
    <subfield code="a">by</subfield>
    <subfield code="u">https://creativecommons.org/licenses/by/4.0/deed.es</subfield>
  </datafield>
  <datafield tag="655" ind1=" " ind2="4">
    <subfield code="a">info:eu-repo/semantics/article</subfield>
    <subfield code="v">info:eu-repo/semantics/publishedVersion</subfield>
  </datafield>
  <datafield tag="700" ind1=" " ind2=" ">
    <subfield code="a">Maiz, Jon</subfield>
  </datafield>
  <datafield tag="700" ind1=" " ind2=" ">
    <subfield code="a">Petrenko, Viktor</subfield>
  </datafield>
  <datafield tag="700" ind1=" " ind2=" ">
    <subfield code="a">Iturrospe, Amaia</subfield>
  </datafield>
  <datafield tag="700" ind1=" " ind2=" ">
    <subfield code="a">Fernández Maestu, Josu</subfield>
  </datafield>
  <datafield tag="700" ind1=" " ind2=" ">
    <subfield code="a">Porro, José María</subfield>
  </datafield>
  <datafield tag="700" ind1=" " ind2=" ">
    <subfield code="a">Barrado, Mariano</subfield>
    <subfield code="u">Universidad de Zaragoza</subfield>
  </datafield>
  <datafield tag="700" ind1=" " ind2=" ">
    <subfield code="a">Casado, Laura</subfield>
    <subfield code="u">Universidad de Zaragoza</subfield>
    <subfield code="0">(orcid)0000-0001-8184-7753</subfield>
  </datafield>
  <datafield tag="700" ind1=" " ind2=" ">
    <subfield code="a">Kohlbrecher, Joachim</subfield>
  </datafield>
  <datafield tag="700" ind1=" " ind2=" ">
    <subfield code="a">Shvets, Petr</subfield>
  </datafield>
  <datafield tag="700" ind1=" " ind2=" ">
    <subfield code="a">Modin, Evgeny</subfield>
  </datafield>
  <datafield tag="700" ind1=" " ind2=" ">
    <subfield code="a">Castro, Ana Sofia</subfield>
  </datafield>
  <datafield tag="700" ind1=" " ind2=" ">
    <subfield code="a">Chuvilin, Andrey</subfield>
  </datafield>
  <datafield tag="700" ind1=" " ind2=" ">
    <subfield code="a">De Teresa, José María</subfield>
    <subfield code="0">(orcid)0000-0001-9566-0738</subfield>
  </datafield>
  <datafield tag="700" ind1=" " ind2=" ">
    <subfield code="a">Correia, Daniela M.</subfield>
  </datafield>
  <datafield tag="700" ind1=" " ind2=" ">
    <subfield code="a">Arbe, Arantxa</subfield>
  </datafield>
  <datafield tag="700" ind1=" " ind2=" ">
    <subfield code="a">Lanceros-Méndez, Senentxu</subfield>
  </datafield>
  <datafield tag="710" ind1="2" ind2=" ">
    <subfield code="1">0</subfield>
    <subfield code="2">X</subfield>
    <subfield code="a">Universidad de Zaragoza</subfield>
    <subfield code="b">Institutos Univ. de Investig.</subfield>
    <subfield code="c">Área RPT Laboral INMA</subfield>
  </datafield>
  <datafield tag="773" ind1=" " ind2=" ">
    <subfield code="g">(2026), e16835 [17 pp.]</subfield>
    <subfield code="p">Adv. mater.</subfield>
    <subfield code="t">Advanced materials</subfield>
    <subfield code="x">0935-9648</subfield>
  </datafield>
  <datafield tag="856" ind1="4" ind2=" ">
    <subfield code="s">12602045</subfield>
    <subfield code="u">http://zaguan.unizar.es/record/170456/files/texto_completo.pdf</subfield>
    <subfield code="y">Versión publicada</subfield>
  </datafield>
  <datafield tag="856" ind1="4" ind2=" ">
    <subfield code="s">2410255</subfield>
    <subfield code="u">http://zaguan.unizar.es/record/170456/files/texto_completo.jpg?subformat=icon</subfield>
    <subfield code="x">icon</subfield>
    <subfield code="y">Versión publicada</subfield>
  </datafield>
  <datafield tag="909" ind1="C" ind2="O">
    <subfield code="o">oai:zaguan.unizar.es:170456</subfield>
    <subfield code="p">articulos</subfield>
    <subfield code="p">driver</subfield>
  </datafield>
  <datafield tag="951" ind1=" " ind2=" ">
    <subfield code="a">2026-04-18-10:49:55</subfield>
  </datafield>
  <datafield tag="980" ind1=" " ind2=" ">
    <subfield code="a">ARTICLE</subfield>
  </datafield>
</record>
</collection>